| 000 | nam a22 a 4500 | ||
|---|---|---|---|
| 999 |
_c1884 _d1884 |
||
| 003 | AKMAL | ||
| 005 | 20170512113655.0 | ||
| 008 | 170512s1980 -uk 00 eng d | ||
| 020 |
_a0379111306: _cfree |
||
| 040 |
_aAKMAL _cAKMAL |
||
| 082 | 0 | 4 | _a345.73052 ZAR |
| 090 |
_a345.73052 _bZAR |
||
| 100 | 1 |
_aZarr, Melvyn, _d1936- _93906 |
|
| 245 | 1 | 4 |
_aThe bill of rights and the police / _cMelvyn Zarr |
| 250 | _a2nd ed. | ||
| 260 |
_aDobbs Ferry, New York : _bOceana Publications, _c1980 |
||
| 300 |
_aiv, 123p. ; _c19cm |
||
| 440 |
_aLegal almanac series ; _vno. 40 _93907 |
||
| 500 | _aIncludes index | ||
| 650 |
_aCriminal procedure _xPopular States _zUnited States _93908 |
||
| 650 |
_aPolice _xPopular works _zUnited States _93909 |
||
| 942 |
_2ddc _cBOOK |
||